000 00733nam a2200253Ia 4500
003 GCL
008 140319s9999 xx 000 0 ara d
040 _aGCL /
_cGCL
082 0 4 _a611.84
_bا ع
100 1 _aمركز التعريب والبرمجة
245 1 0 _aالعناية بالاذن /
_cمركز التعريب والبرمجة
700 1 _aاولف رامسى
260 _a[S.N] :
_bالدار العربية للعلوم ،
_c1992
300 _a100 ص
490 _aالسلسلة الصحية
_v0
650 0 4 _aالطب
650 0 4 _aالامراض
650 0 4 _aالصم
650 0 4 _aالسمع
650 0 4 _aالصمم
650 0 4 _aالاذن
650 0 4 _aاوعية دموية
942 _2ddc
_cBK
999 _c58546
_d58546